000 01045nam a2200253 a 4500
001 80561
003 BD-RjUL
005 20230918121301.0
008 221018s2012 bg a|||| m||| 00| 0 eng d
035 _a(BD-RjUL)80561
040 _aBD-RjUL
_beng
_cBD-RjUL
_dBD-RjUL
041 _aeng
082 _223
_a571.934
_bAHC 2012
100 _aAHMED, ASHRAF UDDIN
_95316
245 1 0 _aCyto-Pathological and Genetic Studies of Botrytis Cinerea Causing Botryis Gray Mold Disease in Chickpea :
_b(CICER ARIETINUM L.) /
_cBY Ashraf Uddin Ahmed ;
_6Supervisor : Golam Kabir, Co-Supervisor : M. Abu Bakr
260 _aRajshahi :
_bInstitute of Biological Sciences, University of Rajshahi,
_c2012
300 _a[5], xii, 141 leaves :
_bill.;
_c29 cm.
502 _aThesis (Ph. D.)-- Institute of Biological Sciences, University of Rajshahi,2012
504 _aReferences: Leaves 120-141
650 _aDiseases
_xPathological aging
_95317
700 _aKabir, Golam, Supervisor
_93775
700 _aBakr, M. Abu, Co-Supervisor
_95318
942 _2ddc
_cTHE
999 _c80561
_d80561